书目信息 |
| 题名: |
生态学实验教程
|
|
| 作者: | 付荣恕 , 刘林德 主编 | |
| 分册: | ||
| 出版信息: | 北京 科学出版社 2004 |
|
| 页数: | 215页 | |
| 开本: | 24cm | |
| 丛书名: | ||
| 单 册: | ||
| 中图分类: | Q14-33 | |
| 科图分类: | ||
| 主题词: | 生态学--实验--高等学校 | |
| 电子资源: | ||
| ISBN: | 7-03-014204-7 | |
| 000 | 00818nam0 2200241 45 | |
| 001 | 002726308 | |
| 005 | 20050617091532.0 | |
| 010 | @a7-03-014204-7@dCNY22.00 | |
| 100 | @a20040922d2004 em y0chiy0110 ea | |
| 101 | 0 | @achi |
| 102 | @aCN@b110000 | |
| 105 | @aa z 000yy | |
| 200 | 1 | @a生态学实验教程@Asheng tai xue shi yan jiao cheng@f付荣恕,刘林德主编@FFu Rong Shu,Liu Lin De Zhu Bian |
| 210 | @a北京@c科学出版社@d2004 | |
| 215 | @a215页@c图@d24cm | |
| 300 | @a能力培养型生物学基础课系列实验教材 | |
| 330 | @a本书从生态学基础性、综合性、研究性三个方面编制的29个实验,涉及环境质量评价、自然保护区设计、人口的预测预报等领域。 | |
| 606 | 0 | @a生态学@x实验@x高等学校 |
| 690 | @aQ14-33@v4 | |
| 701 | 0 | @a付荣恕@4主编 |
| 701 | 0 | @a刘林德@4主编 |
| 801 | 0 | @aCN@bNLC@c20041012 |
| 905 | @f5@b357549-553@dQ14-33@e78 | |
| 生态学实验教程/付荣恕,刘林德主编.-北京:科学出版社,2004 |
| 215页:图;24cm |
| 能力培养型生物学基础课系列实验教材 |
| ISBN 7-03-014204-7:CNY22.00 |
| 本书从生态学基础性、综合性、研究性三个方面编制的29个实验,涉及环境质量评价、自然保护区设计、人口的预测预报等领域。 |
| ● |
| 相关链接 |
|
|
|
|
正题名:生态学实验教程
索取号:Q14-33/78
 
预约/预借
| 序号 | 登录号 | 条形码 | 馆藏地/架位号 | 状态 | 备注 |
| 1 | 0357549 | 3575492 | 第二样本阅览室/ [索取号:Q14-33/78] | 在馆 | |
| 2 | 0357550 | 3575508 | 第三借阅区/ [索取号:Q14-33/78] | 在馆 | |
| 3 | 0357551 | 3575517 | 第三借阅区/ [索取号:Q14-33/78] | 在馆 | |
| 4 | 0357552 | 3575526 | 第三借阅区/ [索取号:Q14-33/78] | 在馆 | |
| 5 | 0357553 | 3575535 | 第三借阅区/ [索取号:Q14-33/78] | 在馆 |